00784cam a22002175i 450000100090000000300040000900500170001300800410003001000170007102000180008804000230010604200150012908200170014424501720016126400650033330000580039833600210045633700250047733800230050250400410052519279815OSt20230607082401.0160920s2015 ke a b 000 0 eng  a 2015333805 a9789966083630 aDLCbengcDLCerda alcodeapcc a967.662bDEK00aProceedings of 2014/2015 DeKUT African Liberations Conferences on Mau Mau and other African Heroes :b"African liberation through the eyes of education and technology. 1aNyeri, Kenya :bMau Mau Educational Committee (MMEC),c2015. axix, 445 pages :billustrations (some color) ;c30 cm atext2rdacontent aunmediated2rdamedia avolume2rdacarrier aIncludes bibliographical references.